LEADER 01770nam 2200397 n 450 001 996390293003316 005 20200824120434.0 035 $a(CKB)4940000000098718 035 $a(EEBO)2240872327 035 $a(UnM)99825554e 035 $a(UnM)99825554 035 $a(EXLCZ)994940000000098718 100 $a19941027d1676 uy | 101 0 $alat 135 $aurbn||||a|bb| 200 10$aCatonis Disticha de moribus$b[electronic resource]$eCum scholiis Des. Erasmi Roterod. Adjecta sunt dicta Græca sapientum, interprete Erasmo Roterdamo. Eadem per Ausonium, cum Erasmi doctissima enarratione. Mimi Publii, ex ejusdem Erasmi restitutione, cu?mque scholiis ejusdem. Isocratis ad Demonicum Oratio parænetica, longe? ad juventutis mores rite? formandos utilissima. Majori qua?m hactenus cura? diligentia?que excusa 210 $aLondini $ctypis E. Hodgkinson & T. Hodgkin, impensis Societatis Stationariorum$dMDCLXXVI. [1676] 215 $a[2], 78 p 300 $aThe Disticha, wrongly attributed to Marcus Porcius Cato, in fact dates from imperial times. 300 $aPage 11 misnumbered 81. 300 $aIncorrectly identified on film as Wing C1506A. 300 $aReproduction of original in the University of Illinois (Urbana-Champaign Campus). Library. 330 $aeebo-0167 606 $aLatin language$xStudy and teaching$vEarly works to 1800 615 0$aLatin language$xStudy and teaching 701 $aCato$b Marcus Porcius$f234-149 B.C.$071570 701 $aErasmus$b Desiderius$fd. 1536.$0799747 801 0$bUk-ES 801 1$bUk-ES 801 2$bCu-RivES 801 2$bCStRLIN 801 2$bWaOLN 906 $aBOOK 912 $a996390293003316 996 $aCatonis Disticha de moribus$92321812 997 $aUNISA